000 00589nam a2200229Ia 4500
003 OSt
005 20220926042058.0
006 a|||||r|||| 00| 0
007 ta
008 220923b |||||||| |||| 00| 0 eng d
037 _cGeneral Book
040 _aRTL
_cRTL
_beng
041 _2eng
_aeng
082 _aX(zG), J6
100 _aUnnithan T K N
_9138226
245 0 _aGandhi in free India
_b A socio-economic study
260 _c1956
300 _axv,266p
_ccm.
650 _aGandhiana
942 _hX(zG), J6
_cGB
_2CC
999 _c668815
_d668815